| 000 | 00847nam a22003017a 4500 | ||
|---|---|---|---|
| 001 | 0146 | ||
| 003 | DO-SdBNP | ||
| 005 | 20180226131922.0 | ||
| 007 | 0146 | ||
| 008 | 151005b 2006 pn a00| 0 spa d | ||
| 020 | _a9962629438 | ||
| 020 | _a9789962629436 | ||
| 040 |
_aBPMSU _bspa _cBPMSU |
||
| 041 | 1 | 7 |
_aspa _beng |
| 082 | 4 |
_axxxx _bxxxx |
|
| 100 | 1 | _aNieto Bruña, Laura | |
| 245 | 1 | 0 |
_aAldo el joven rey = _bAldo the young king / _cLaura Nieto Bruña ; traducción Andrea E. Alvarado |
| 260 |
_aPanama : _bPiggy press books, _c2006. |
||
| 300 |
_a35 p. : _c21 cm. |
||
| 500 | _aTexto en dos idiomas | ||
| 500 | _aLibro para colorear = coloring book | ||
| 521 | 1 | _aA partir de los 12 años | |
| 700 | 1 | 2 |
_aAlvarado, Andrea E., _etr. |
| 910 | _a202 | ||
| 942 |
_2ddc _cBK |
||
| 945 | _aInventariado, 2018 / BT | ||
| 956 | _aYngrid Lockward | ||
| 999 |
_c8842 _d8842 |
||